Every Meyer Shank Racing Driver Ever - Statistics

General Stats
  • This quiz has been taken 3 times
  • The average score is 6 of 9
Answer Stats
# of Races Nationality Driver % Correct
43 Sweden Felix Rosenqvist
100%
45 Brazil Helio Castroneves
100%
47 UK Jack Harvey
100%
26 New Zealand Marcus Armstrong
100%
25 France Simon Pagenaud
100%
3 Sweden Linus Lundqvist
50%
8 UK Tom Blomqvist
50%
3 USA Conor Daly
0%
10 USA David Malukas
0%
No matching quizzes found
Score Distribution
Percent of People with Each Score
Percentile by Number Answered
Your Score History
You have not taken this quiz